Statistics for California Multiple Choice

Click here to take the quiz!

General Stats

  • This quiz has been taken 25,237 times
  • The average score is 9 of 15

Answer Stats

QuestionAnswer% Correct
What is the capital of California?Sacramento
91%
What animal is depicted on California's flag?Grizzly bear
81%
Which of these companies is not based in Silicon Valley?Amazon
74%
How many other U.S. states does California border?3
69%
What is the approximate population of California?40 million
69%
In what year was 80% of the city of San Francisco destroyed by an earthquake?1906
67%
If you sailed directly west from San Francisco, which country would you land in?Japan
65%
Which of these cities is not in Los Angeles county?Monterey
64%
Which of these national parks is not located in California?Zion
63%
Which of these cities is not on the Pacific coast?Fresno
61%
Where was gold discovered in 1848, leading to the California Gold Rush?Sutter's Mill
54%
Which of these people has not served as California governor?Robert La Follette
52%
What county is on the northern side of the Golden Gate Bridge?Marin County
42%
About what percentage of California residents are Hispanic?40
38%
Who was the only U.S. President that was born in California?Richard Nixon
32%

Score Distribution

Percentile by Number Answered

Percent of People with Each Score

Your Score History

You have not taken this quiz